Score 0/30 Timer 04:00
10 Plays Today
% Correct
Tom
95.9%
Franklin
95.2%
Anne
95%
David
94.3%
King
94%
Mary
93.6%
Moore
93.4%
Winston
93.3%
James
93.1%
Robert
92.8%
Robinson
91.2%
Lee
90.4%
Pierce
89.5%
Gordon
89.4%
Robin
89.2%
% Correct
Wilson
88.6%
Rocky
88%
Leonard
87.1%
Cooper
86.7%
Cassidy
85.9%
Charles
84.7%
Stewart
83.9%
Martin
83.1%
Chamberlain
82.4%
Gregory
80.4%
Lewis
79%
Washington
77.4%
Aaron
76.4%
Jordan
75.3%
Brown
73.7%
Remove Ads.
Support Sporcle.
Get the best of Sporcle when you Go Orange. This ad-free experience offers more features, more stats, and more fun while also helping to support Sporcle. Thank you for becoming a member.

You're not logged in!

Compare scores with friends on all Sporcle quizzes.
OR
Log In

Show Comments

Extras

Top Quizzes Today


Score Distribution

Your Account Isn't Verified!

In order to create a playlist on Sporcle, you need to verify the email address you used during registration. Go to your Sporcle Settings to finish the process.

Report this User

Report this user for behavior that violates our Community Guidelines.

Details: